000 00357nam a2200145Ia 4500
008 240624s9999 xx 000 0 und d
041 _aeng
082 _a658.8 KOT
100 _aKOTLER PHILIP
245 _aMARKETING MANAGEMENT
250 _a(14th ed.)
260 _c2012
_aBoston
_bPrentice Hall
300 _axxii, : 657 : p. : cm. ; 28
365 _c
_b26
999 _c20662
_d20662